000 00923cam a2200217 i 4500
999 _c57500
_d57500
001 21091774
005 20221107152459.0
008 190718s2019 ii a b 001 0 eng
020 _a9789352704996x
041 _aeng
080 _a615 T-86
100 1 _aTripathi, K. D.,
_98878
245 1 0 _aEssentials of medical pharmacology /
_cK.D. Tripathi, MD, ex-director-professor and Head of Pharmacology, Maulana Azad Medical College and associated LN and GB Pant Hospitals, New Delhi, India.
250 _aEighth edition.
264 1 _aNew Delhi :
_bJaypee Brothers Medical Publishers,
_c[2019].
300 _axvi, 1064 pages :
_bcolor illustrations ;
_c25 cm
653 _aმედიცინა
653 _aფარმაკოლოგია
856 _yელექტრონული ვერსია
_uhttps://books.google.ge/books?id=B3OSDwAAQBAJ&hl=ru&source=gbs_ViewAPI&redir_esc=y
942 _2udc
_cBK